000 00665nam a2200253 a 4500
003 AR-BaBNM
005 20251128203750.0
008 082120s2002 ||||||||||||||000 | spa||
040 _cAR-BaBNM
100 1 _aGarelli, Juan Carlos
245 0 0 _aMétodo de lectura veloz
250 _a8ª ed.
260 _aBuenos Aires
_bTroquel
_c1973
300 _a284 p.
_bil., diagr., tablas
504 _aContiene bibliografía
650 4 _aLECTURA RAPIDA
650 4 _aMETODOS DE ESTUDIO
650 4 _aESTUDIO INDIVIDUAL
650 4 _aENSEÑANZA DE LA LECTURA
650 4 _aMEJORA DE LA LECTURA
650 4 _aPRUEBAS DE LECTURA
942 _cBK
998 _cSILVI
999 _c4857
_d4857